000 00502nam a2200181Ia 4500
005 20250923144504.0
008 008 250917s9999 xx 000 0 eng d
037 _aTextual
040 _aDSWL
_beng
_cDSWL
041 _aeng
_2eng
084 _qDSWL
100 _aMichael, R.K.
_9825406
245 0 _aSocio economic survey of 50 high schools teachers of Meerut
_cby R.K. Michael
260 _aNew Delhi
_c1954
300 _aviii,48p.
942 _cTEXL
999 _c1439514
_d1439514